| 000 | 00479nam a2200169Ia 4500 | ||
|---|---|---|---|
| 999 |
_c28242 _d28242 |
||
| 003 | OSt | ||
| 005 | 20201215154455.0 | ||
| 008 | 190216s9999||||xx |||||||||||||| ||und|| | ||
| 040 | _coclc | ||
| 082 |
_a894.8124 _bVIS/A |
||
| 100 |
_aViswanathan, P _97191 |
||
| 245 | 0 |
_aAkavum Puravum / _cP Viswanathan |
|
| 260 |
_bPoorna Publication, _c1989. _a Kozhikode: |
||
| 300 | _a104p | ||
| 650 | _aLekhanam | ||
| 942 |
_cBK _2ddc _h894.8124 _iVIS/A _k894.8124 _mVIS/A |
||